| 000 | 00355nam a2200133Ia 4500 | ||
|---|---|---|---|
| 008 | 230801s9999||||xx |||||||||||||| ||und|| | ||
| 020 | _a9788176356275 | ||
| 082 |
_a005.133 _bK9687 |
||
| 100 | _aKurniawan, Budi | ||
| 245 | 0 | _aJava for the Web with Servlets, JSP, and EJB | |
| 260 |
_aNew Delhi _bTechmedia _c2002 |
||
| 300 | _axxxi, 953 p. | ||
| 942 | _cBK | ||
| 999 |
_c26924 _d26924 |
||